000 00878njm a2200241 i 4500
001 4634
003 ES-MaACL
005 20240620063046.0
007 s|r|||||||||||
008 070803s1965 sp ||| g ||||||||1|nspa d
100 1 _aMann, Golo.
_976048
245 1 3 _aLa liberté, ses limites et ses risques
_h[Grabación sonora] /
_cinterviene Golo Mann.
260 _aMadrid :
_bAteneo de Madrid,
_c1965.
300 _a1 disco (CD-DA) (1 h. 17 min. 49 seg.) ;
_c12 cm.
500 _aDatos basados en la invitación.
518 _aActo organizado por el Ateneo de Madrid, grabado el martes 9 de noviembre de 1965.
610 2 4 _aAteneo de Madrid-
_xActos culturales-
_y1965-
_vGrabaciones sonoras.
_91879
650 1 4 _aLibertad.
_914400
710 2 _aAteneo de Madrid.
_91875
852 _aES-MaACL
_jROT 3/1/36
_94751
_cROT
942 _2udc
999 _c4634
_d4634